Personnages Blanche-Neige et les 7 nains par images - Statistiques

Statistiques générales
  • Ce quiz a été pris 83 fois
  • Le résultat moyen est 8 sur 12
Statistiques - réponses
Par images Réponse % Correct
Blanche-Neige
100%
Simplet
85%
Dormeur
80%
Timide
80%
Grincheux
76%
Prof
74%
Atchoum
70%
Joyeux
65%
Le Chasseur
53%
Le Prince Florian
47%
La Méchante Reine
36%
Le Miroir Magique
32%
Aucun quiz correspondant
Distribution des résultats
% des personnes avec chaque résultat
Percentile par nombre de réponses
Votre historique - résultats
Vous n’avez pas pris ce quiz